000 00328nam a2200145Ia 4500
008 230718s9999 xx 000 0 und d
041 _aEng.
082 _a823
_bDIC-G
100 _aDickens. Chables
245 0 _aGreat expectations
260 _aPakistan
_bMichael Grac
_c1812
300 _a442
650 _aLaw
999 _c26160
_d26160